000 00555nam a2200193Ia 4500
003 GCL
008 140319s9999 xx 000 0 ara d
040 _aGCL /
_cGCL
082 0 4 _aط
_b813.087
_bع م
100 1 _aعفاف عبدالبارى
245 1 0 _aحرب المعادن /
_cعفاف عبدالبارى
260 _a[S.N] :
_bدار الجيل
300 _a31 ص
490 _aمغامرات الجيل العلمية
_v0
650 0 4 _aالاطفال
650 0 4 _aقصص الاطفال
650 0 4 _aالمغامرات
942 _2ddc
_cBK
999 _c57549
_d57549